[Event "ICS rated standard match"]
[Site "207.99.5.190"]
[Date "1999.03.08"]
[Round "?"]
[White "Hossa"]
[Black "Traveler"]
[Result "1-0"]
[WhiteElo "2220"]
[BlackElo "1993"]
[PlyCount "59"]

1. e4 d5 2. exd5 Nf6 3. Bb5+ Bd7 4. Bc4 Bg4 5. f3 Bf5 6. Nc3 Nbd7 7. Qe2 Nb6 8.
Bb5+ Bd7 9. Nh3 Bxb5 10. Qxb5+ Qd7 11. Qxd7+ Kxd7 12. O-O Nbxd5 13. Nxd5 Nxd5
14. d4 e6 15. Ng5 Ke7 16. Ne4 h6 17. Nc5 b6 18. Ne4 Ke8 19. c4 Nf6 20. Nxf6+
gxf6 21. Be3 Bd6 22. c5 bxc5 23. dxc5 Be5 24. f4 Bxb2 25. Rab1 Bc3 26. Rfc1 Be5
27. fxe5 fxe5 28. c6 f6 29. Rb7 Kd8 30. Rd1+ {Traveler resigns} 1-0

[Event "ICS rated bullet match"]
[Site "207.99.5.190"]
[Date "1999.03.08"]
[Round "?"]
[White "Hossa"]
[Black "Speedy"]
[Result "1-0"]
[WhiteElo "2374"]
[BlackElo "2199"]
[PlyCount "49"]

1. e4 c5 2. Bc4 a6 3. Nc3 b5 4. Bxf7+ Kxf7 5. Qh5+ g6 6. Qd5+ e6 7. Qxa8 Nc6 8.
Nf3 Qc7 9. d3 b4 10. Ne2 h6 11. Bf4 d6 12. e5 d5 13. Nh4 Nge7 14. Bxh6 Rxh6 15.
Nf3 Rh5 16. g4 Rxe5 17. Nxe5+ Nxe5 18. f4 N5c6 19. f5 gxf5 20. gxf5 Bb7 21.
fxe6+ Kg7 22. Rg1+ Ng6 23. Rxg6+ Kxg6 24. Qxf8 Qxh2 25. Kd2 {Speedy resigns}
1-0

[Event "ICS rated bullet match"]
[Site "207.99.5.190"]
[Date "1999.03.08"]
[Round "?"]
[White "Hossa"]
[Black "Speedy"]
[Result "1-0"]
[WhiteElo "2391"]
[BlackElo "2182"]
[PlyCount "109"]

1. e4 c5 2. Bc4 a6 3. Nc3 b5 4. Bxf7+ Kxf7 5. Qh5+ g6 6. Qd5+ e6 7. Qxa8 Nc6 8.
Nf3 Qc7 9. d3 b4 10. Ne2 h6 11. Bf4 d6 12. e5 d5 13. Nh4 Nge7 14. Bxh6 Bxh6 15.
f4 Bg7 16. Nf3 Bh6 17. a3 b3 18. cxb3 Rh7 19. O-O Bb7 20. Ng5+ Bxg5 21. fxg5+
Nf5 22. Rxf5+ gxf5 23. g6+ Kg7 24. Qe8 Rh8 25. Qxe6 Qe7 26. Nf4 Qxe6 27. Nxe6+
Kxg6 28. Nxc5 Bc8 29. Re1 Re8 30. e6 Kf6 31. Kf2 Bxe6 32. Nxa6 Nd4 33. Nc5 Bf7
34. Rxe8 Bxe8 35. b4 Ke5 36. g3 Ne6 37. Nxe6 Kxe6 38. d4 Ba4 39. Ke3 Kf6 40. h4
Kg6 41. Kf3 Bb5 42. Kf4 Kf6 43. Ke3 Be8 44. b3 Kg6 45. a4 Kh5 46. Kf4 Kg6 47.
Ke5 Kh5 48. b5 Bd7 49. Kxd5 Kg4 50. b6 Bc8 51. Kc6 f4 52. gxf4 Kxf4 53. b7
Bxb7+ 54. Kxb7 Ke4 55. b4 {Speedy resigns} 1-0

[Event "ICS rated bullet match"]
[Site "207.99.5.190"]
[Date "1999.03.08"]
[Round "?"]
[White "Hossa"]
[Black "Speedy"]
[Result "0-1"]
[WhiteElo "2398"]
[BlackElo "2175"]
[Annotator "Crafty v16.5"]
[PlyCount "82"]

{annotating for player Hossa using a scoring margin of +0.10 pawns. search
time limit is 20.00} 1. e4 1... c5 2. Bc4 a6 3. Nc3 b5 4. Bxf7+ Kxf7 5. Qh5+ g6
6. Qd5+ e6 7. Qxa8 Nc6 8. Nf3 Qc7 9. d3 b4 10. Ne2 h6 11. Bf4 d6 12. e5 ({
9:-0.81} 12. e5 12... d5 13. Nh4 Bb7 14. Qxf8+ Kxf8 15. Nxg6+ Kg7 16. Nxh8 Kxh8
17. O-O-O 17... Nxe5 $17) ({9:-0.08} 12. Nh4 12... Bb7 13. Qxf8+ Kxf8 14. Nxg6+
Kg7 15. Nxh8 Kxh8 16. O-O-O e5 17. Be3 17... Kg7 $10) 12... d5 13. Nh4 Nge7 14.
Bxh6 Bxh6 15. f4 ({8:-3.07} 15. f4 15... Rg8 16. Nxg6 Nxg6 17. f5 Bb7 18. fxg6+
Kg7 19. Qxg8+ Kxg8 20. h4 20... Qxe5 $19) ({8:-2.95} 15. g4 15... Qxe5 16. c3
bxc3 17. bxc3 Qg5 18. Nf3 Qxg4 19. Nd2 Bxd2+ 20. Kxd2 $19) 15... Nf5 16. Nxf5
gxf5 17. c4 d4 18. g4 fxg4 19. Rg1 Rg8 20. f5 exf5 21. e6+ Bxe6 22. Qxa6 f4 23.
Kd1 f3 24. Ng3 Be3 25. Rf1 Rh8 26. Rh1 Bf4 27. Ne4 Rxh2 28. Rxh2 Bxh2 29. Nxc5
Bf5 30. Qb5 Ne5 31. Rc1 Bf4 32. Ra1 g3 33. Na6 Qe7 34. Nxb4 f2 35. Kc2 g2 36.
Qd5+ Qe6 37. Qxd4 f1=Q 38. b3 Qe2+ 39. Kb1 Nxd3 40. a3 Nxb4+ 41. Qe4 Q6xe4# 0-1

[Event "ICS Rated standard match"]
[Site "207.99.5.190"]
[Date "1999.03.08"]
[Round "?"]
[White "Hossa"]
[Black "georgie"]
[Result "1-0"]
[WhiteElo "2232"]
[BlackElo "2086"]
[PlyCount "66"]

1. e4 c5 2. Bc4 e6 3. Nc3 a6 4. d3 b5 5. Bb3 Nc6 6. Nf3 b4 7. Ne2 d6 8. a3 Nf6
9. Ba4 Bd7 10. Bxc6 Bxc6 11. axb4 cxb4 12. O-O d5 13. Ned4 Qc7 14. Nxc6 Qxc6
15. exd5 Qxd5 16. Bg5 Be7 17. Bxf6 Bxf6 18. Qb1 O-O 19. Nd2 Qh5 20. Re1 Rfd8
21. Nc4 Rd4 22. Ra5 Qh6 23. Qa2 Rh4 24. Rxa6 Rd8 25. h3 g6 26. Qa4 Bd4 27. Ra8
Rxa8 28. Qxa8+ Kg7 29. Rf1 Qg5 30. Qb7 Rxh3 31. Qxb4 Qg3 32. Qd6 e5 33. Qxe5+
33... Bxe5 {georgie resigns} 1-0

[Event "ICS rated standard match"]
[Site "207.99.5.190"]
[Date "1999.03.08"]
[Round "?"]
[White "georgie"]
[Black "Hossa"]
[Result "0-1"]
[WhiteElo "2076"]
[BlackElo "2242"]
[PlyCount "46"]

1. c4 e5 2. Nc3 Nf6 3. Nf3 Nc6 4. g3 Bc5 5. Bg2 O-O 6. e3 d5 7. cxd5 Nxd5 8. a3
Nxc3 9. bxc3 Bg4 10. Qc2 Rb8 11. O-O Bxf3 12. Bxf3 Qd7 13. d4 Bd6 14. Bb2 Rbe8
15. d5 Na5 16. c4 Bc5 17. Rac1 Qd6 18. a4 Re7 19. Be4 Qh6 20. Kg2 Qh5 21. f4
Bxe3 22. fxe5 Bxc1 23. Qxc1 23... Qe2+ {georgie resigns} 0-1

[Event "ICS Unrated blitz match"]
[Site "207.99.5.190"]
[Date "1999.03.08"]
[Round "?"]
[White "Hossa"]
[Black "sienna"]
[Result "0-1"]
[WhiteElo "2251"]
[BlackElo "2492"]
[Annotator "Crafty v16.5"]
[PlyCount "85"]

{annotating for player Hossa using a scoring margin of +0.10 pawns. search
time limit is 20.00} 1. e4 1... e5 2. Nf3 Nc6 3. Bc4 Bc5 4. c3 ({9:-0.33} 4. c3
4... Nf6 5. d3 O-O 6. O-O d5 7. exd5 Nxd5 8. Bg5 8... Qd6 $15) ({9:-0.16} 4.
O-O 4... Nf6 5. d3 O-O 6. Nc3 d6 7. Bg5 Bg4 8. Qe2 $10) 4... Nf6 5. d3 ({
9:-0.29} 5. d3 5... O-O 6. O-O Qe7 7. Be3 Bxe3 8. fxe3 Qc5 9. Qe2 9... a6 $10)
({9:-0.08} 5. d4 5... exd4 6. e5 Ne4 7. cxd4 Bb4+ 8. Bd2 Nxd2 9. Nbxd2 d5 10.
Bb5 $10) 5... d6 6. O-O a6 7. d4 Ba7 8. dxe5 dxe5 9. Qxd8+ Nxd8 10. Bg5 Be6 11.
Bxf6 gxf6 12. Nbd2 Rg8 13. Bxe6 ({9:-0.19} 13. Bxe6 13... Nxe6 14. Rab1 Nf4 15.
g3 O-O-O 16. Nc4 Bc5 17. b4 17... Rd3 $10) ({9:+0.12} 13. Bd5 13... Bc5 14.
Rad1 c6 15. Bb3 Bxb3 16. Nxb3 Ne6 17. Nxc5 Nxc5 18. Rfe1 $10) 13... Nxe6 14.
Kh1 Nc5 15. Rab1 O-O-O 16. Kg1 Rg4 17. Rfe1 Nd3 18. Rf1 f5 19. exf5 Rf4 20.
Rbd1 e4 21. Nd4 Nxb2 22. Rde1 Bxd4 23. cxd4 Rxd4 24. g3 Rxf5 25. Nxe4 Nd3 26.
Re3 c5 27. Rb1 b5 28. f3 Re5 29. Rd1 c4 30. Kf1 Rdd5 31. Re2 f5 32. Nc3 Rxe2
33. Kxe2 Re5+ 34. Kd2 b4 35. Ne2 Nf2 36. Ra1 c3+ 37. Ke1 Nd3+ 38. Kd1 Nb2+ 39.
Ke1 Rd5 40. Kf2 c2 41. Nc1 Rd1 42. Ke3 a5 43. Kf4 0-1

[Event "ICS rated bullet match"]
[Site "207.99.5.190"]
[Date "1999.03.08"]
[Round "?"]
[White "TDChess"]
[Black "Hossa"]
[Result "1-0"]
[WhiteElo "2532"]
[BlackElo "2373"]
[Annotator "Crafty v16.5"]
[PlyCount "111"]

{annotating for player Hossa using a scoring margin of +0.10 pawns. search
time limit is 20.00} 1. d4 1... Nf6 2. c4 g6 3. Nc3 Bg7 4. Nf3 O-O 5. e4 Nc6 6.
d5 Nb4 7. c5 b6 8. Qa4 a5 9. cxb6 cxb6 10. a3 Na6 11. Bb5 Nc5 12. Qc2 Qc7 13.
Bc4 Ba6 14. Bxa6 Rxa6 15. Qe2 Raa8 16. O-O Qb7 17. Bg5 Rac8 18. Rad1 d6 19. Nd4
Qd7 20. Nc6 Kh8 21. Rfe1 e5 22. Qf3 Qg4 23. Bxf6 Qxf3 24. Bxg7+ Kxg7 25. gxf3
Kh8 26. b4 axb4 27. axb4 Nb7 28. Na4 b5 29. Nc3 f5 30. Nxb5 Rf6 31. Ra1 fxe4
32. fxe4 Rcf8 33. Ra7 R8f7 34. Na5 Nd8 35. Ra6 Rd7 36. Rc1 Kg7 37. Rc8 Nf7 38.
Nc4 g5 39. Rcc6 Rf4 40. Nbxd6 Nd8 41. Rc8 Nf7 42. Ne8+ Kh8 43. Nxe5 Nxe5 44.
Nc7+ Kg7 45. Ne6+ Kf6 46. Nxf4+ Kf7 47. Ne6 g4 48. Nc5 Nf3+ 49. Kg2 Re7 50. d6
Re5 51. Rc7+ Kf6 52. d7+ Kg5 53. d8=Q+ Re7 54. Qxe7+ Kh5 55. Qxh7+ Kg5 56. Qh6#
1-0

[Event "ICS rated bullet match"]
[Site "207.99.5.190"]
[Date "1999.03.08"]
[Round "?"]
[White "Hossa"]
[Black "mandamus"]
[Result "0-1"]
[WhiteElo "2364"]
[BlackElo "2566"]
[Annotator "Crafty v16.5"]
[PlyCount "92"]

{annotating for player Hossa using a scoring margin of +0.10 pawns. search
time limit is 20.00} 1. e4 1... e5 2. Nf3 Nc6 3. Bc4 Nf6 4. Ng5 d5 5. exd5 Na5
6. Bb5+ c6 7. dxc6 bxc6 8. Be2 ({9:+0.57} 8. Be2 8... h6 9. Nf3 e4 10. Ne5 Bd6
11. f4 exf3 12. Nxf3 12... O-O $14) ({9:+0.99} 8. Bd3 8... Nd5 9. Nf3 Nf4 10.
O-O Nxd3 11. cxd3 f6 12. Qc2 12... Bf5 $16) 8... h6 9. Nf3 e4 10. Ne5 Bd6 11.
Nc4 ({9:+0.70} 11. Nc4 11... Nxc4 12. Bxc4 O-O 13. O-O Qc7 14. h3 Bf5 15. Nc3
Bh2+ 16. Kh1 16... Bf4 $14) ({9:+0.85} 11. d4 11... exd3 12. Nxd3 O-O 13. O-O
Qc7 14. f4 Bf5 15. Nc3 15... Rad8 $16) 11... Nxc4 12. Bxc4 O-O 13. O-O ({
9:-0.97} 13. O-O 13... Bxh2+ 14. Kxh2 Ng4+ 15. Kg3 Qd6+ 16. f4 exf3+ 17. Kxf3
Ne5+ 18. Kf2 Nxc4 19. Nc3 Qd4+ 20. Kg3 20... Be6 $17) ({9:+0.63} 13. Nc3 13...
Qe7 14. O-O Qe5 15. g3 Bg4 16. Be2 Bh3 17. Re1 17... Rad8 $14) 13... Qc7 14. h3
Bh2+ 15. Kh1 Be5 16. a3 Qd6 17. Re1 Bf5 18. Nc3 Rad8 19. Kg1 Bh2+ 20. Kf1 Bf4
21. Re2 Qd4 22. Bb3 Bg6 23. Kg1 Bh5 24. g4 Bg6 25. Qf1 Rfe8 26. Ba4 Re6 27. Kh1
Nd5 28. Nxd5 cxd5 29. Bb3 a6 30. h4 Qf6 31. Qh3 Be5 32. Rb1 h5 33. g5 Qe7 34.
Re1 Bd4 35. Qg3 f6 36. gxf6 Rxf6 37. Rf1 Rf3 38. Qg5 Qxg5 39. hxg5 Bf5 40. a4
Bxf2 41. Ra1 Bh3 42. Rd1 Rf4 43. Rg1 Rh4 44. Bxd5+ Rxd5 45. Rg4 hxg4 46. g6
Bf1# 0-1

[Event "ICS rated bullet match"]
[Site "207.99.5.190"]
[Date "1999.03.08"]
[Round "?"]
[White "lambChop"]
[Black "Hossa"]
[Result "0-1"]
[WhiteElo "2442"]
[BlackElo "2356"]
[PlyCount "116"]

1. d4 Nf6 2. c4 g6 3. Nc3 Bg7 4. e4 d6 5. Nf3 Bg4 6. Be3 O-O 7. Be2 Nc6 8. Qb3
Bxf3 9. Bxf3 e5 10. dxe5 Nxe5 11. Qxb7 Nxf3+ 12. gxf3 Rb8 13. Qxa7 Rxb2 14. Qa3
Rc2 15. Rc1 Qa8 16. Qxa8 Rxc1+ 17. Kd2 Rxh1 18. Qc6 Ne8 19. Nd5 Ra1 20. a4 Kh8
21. c5 Ra2+ 22. Kd3 Rb2 23. Nxc7 Nxc7 24. Qxc7 Rfb8 25. Qxf7 R2b3+ 26. Ke2 Rb2+
27. Kf1 dxc5 28. Qc7 Ra8 29. Bxc5 Ra2 30. e5 R2xa4 31. e6 Rg8 32. e7 Raa8 33.
Qc6 Rae8 34. Qe4 Bf6 35. Bd4 Bxd4 36. Qxd4+ Rg7 37. f4 Kg8 38. f5 Rgxe7 39. f6
Rf7 40. Qd5 Ref8 41. f4 Kh8 42. Qe5 Rxf6 43. Kf2 Kg8 44. Kf3 Rxf4+ 45. Qxf4
Rxf4+ 46. Kxf4 Kf7 47. Kg5 Kg7 48. Kf4 Kf6 49. h4 h6 50. Ke4 Ke6 51. Kf4 Kd5
52. Ke3 Ke5 53. Kf3 Kf5 54. Kg3 Ke4 55. h5 g5 56. Kg2 Kf4 57. Kf2 Kg4 58. Kg2
58... Kxh5 {lambChop resigns} 0-1

[Event "ICS rated bullet match"]
[Site "207.99.5.190"]
[Date "1999.03.08"]
[Round "?"]
[White "Hossa"]
[Black "lambChop"]
[Result "0-1"]
[WhiteElo "2376"]
[BlackElo "2422"]
[Annotator "Crafty v16.5"]
[PlyCount "136"]

{annotating for player Hossa using a scoring margin of +0.10 pawns. search
time limit is 20.00} 1. e4 1... c6 2. Nc3 d5 3. exd5 cxd5 4. Nf3 Nf6 5. Bb5+
Bd7 6. O-O e6 7. Re1 Bxb5 8. Nxb5 Nc6 9. d4 a6 10. Nc3 Bd6 11. Ne5 ({9:-0.03} 
11. Ne5 11... Qc7 12. Nxc6 bxc6 13. Kh1 Qb7 14. Kg1 O-O 15. Qd3 15... Rab8 $10)
({9:+0.21} 11. Bg5 11... O-O 12. Ne5 Rb8 13. Rc1 Be7 14. Qd3 Nxe5 15. dxe5
15... Ng4 $10) 11... Qb6 12. Nxc6 bxc6 13. Na4 ({9:-0.09} 13. Na4 13... Qb8 14.
h3 O-O 15. Be3 Qb5 16. c3 Qc4 17. Qc2 $10) ({9:+0.05} 13. Rb1 13... Qc7 14. Kh1
Bb4 15. Qf3 O-O 16. Bf4 Bd6 17. Ne2 $10) 13... Qc7 14. h3 Qa5 15. c4 ({10:-0.49
} 15. c4 15... dxc4 16. Bd2 Bb4 17. Bxb4 Qxb4 18. a3 Qb5 19. Re5 Qb3 20. Kf1
Qxd1+ 21. Rxd1 $15) ({10:-0.09} 15. Nc3 15... Rb8 16. Re2 O-O 17. Qd3 Rfc8 18.
b3 c5 19. Be3 Qb4 20. dxc5 20... Bxc5 $10) 15... dxc4 16. Bd2 Qb5 17. Rc1 Nd5
18. Qc2 Bb4 19. Re2 Bxd2 20. Rxd2 Nb4 21. Qxc4 Qxa4 22. a3 Qb5 23. Qxb4 Qxb4
24. axb4 Kd7 25. Kf1 Rhb8 26. Rc4 Rb5 27. Rdc2 Rc8 28. Ke2 f6 29. h4 Rh5 30. g3
Kd6 31. f4 Rb5 32. g4 h6 33. Ke3 Rc7 34. b3 g5 35. fxg5 hxg5 36. h5 f5 37. Kf3
Rb6 38. Rg2 f4 39. Ra2 Ke7 40. Ra5 Kf6 41. Rcc5 Rd7 42. Rxg5 Rxd4 43. Rg6+ Kf7
44. g5 Rbxb4 45. Rxa6 Rxb3+ 46. Kg4 Rg3+ 47. Kh4 Ke7 48. Rxc6 Rd2 49. Rgxe6+
Kd7 50. Red6+ Rxd6 51. Rxd6+ Kxd6 52. h6 Rg1 53. h7 Rh1+ 54. Kg4 Ke5 55. g6 Kf6
56. Kxf4 Kxg6 57. Ke5 Rxh7 58. Kd5 Kf6 59. Kd6 Rh5 60. Kc6 Ke6 61. Kc7 Rc5+ 62.
Kb6 Kd6 63. Kb7 Rb5+ 64. Ka6 Kc6 65. Ka7 Rb6 66. Ka8 Kd7 67. Ka7 Kc7 68. Ka8
Ra6# 0-1

[Event "ICS Rated standard match"]
[Site "207.99.5.190"]
[Date "1999.03.08"]
[Round "?"]
[White "Hossa"]
[Black "Amateur"]
[Result "0-1"]
[WhiteElo "2228"]
[BlackElo "2241"]
[Annotator "Crafty v16.5"]
[PlyCount "90"]

{annotating for player Hossa using a scoring margin of +0.10 pawns. search
time limit is 20.00} 1. e4 1... c5 2. Bc4 Nf6 3. d3 d5 4. exd5 Nxd5 5. Nf3 e6
6. O-O Be7 7. Bd2 Bf6 8. Nc3 Nxc3 9. bxc3 O-O 10. Rb1 Nd7 11. Bb3 b6 12. Re1
Bb7 13. c4 ({9:-0.22} 13. c4 13... Qc7 14. Qe2 Rad8 15. a4 Bc6 16. Ng5 Bd4 17.
Ne4 $10) ({9:-0.08} 13. Qe2 13... Qc7 14. Ng5 Be5 15. Nxe6 fxe6 16. Bxe6+ Rf7
17. Bxf7+ Kxf7 18. a4 $10) 13... Qe7 14. a4 Nb8 15. a5 Nc6 16. axb6 axb6 17.
Bf4 Rfd8 18. Qe2 Ra5 19. Ne5 Nd4 20. Qh5 Rda8 21. Ng4 Bf3 22. Be3 Bxg4 23. Qxg4
Qd8 24. Qh5 Ra3 25. Bxd4 Bxd4 26. Qg4 Bc3 27. Rf1 Qf6 28. Kh1 Qh6 29. Qe4 R3a5
30. Qg4 Qf6 31. Qh3 Ra3 32. Qh5 Rd8 33. Qg4 Rd4 34. Qg3 Rf4 35. Kg1 Bd4 36.
Rbe1 h5 37. Rb1 h4 38. Qh3 Rxf2 39. Rxf2 Ra1 40. Rxa1 Bxf2+ 41. Kf1 Bg3+ 42.
Qf5 Qxa1+ 43. Ke2 Qe1+ 44. Kf3 Qf2+ 45. Ke4 Qe2# 0-1

[Event "ICS rated bullet match"]
[Site "207.99.5.190"]
[Date "1999.03.08"]
[Round "?"]
[White "Hossa"]
[Black "Amateur"]
[Result "0-1"]
[WhiteElo "2389"]
[BlackElo "2263"]
[Annotator "Crafty v16.5"]
[PlyCount "122"]

{annotating for player Hossa using a scoring margin of +0.10 pawns. search
time limit is 20.00} 1. e4 1... e5 2. Nf3 Nc6 3. Bb5 a6 4. Bxc6 dxc6 5. Nc3 f6
6. O-O Be6 7. d4 Bg4 8. d5 ({10:+0.15} 8. d5 8... cxd5 9. Nxd5 Ne7 10. c4 c6
11. Nc3 Qxd1 12. Rxd1 Be6 13. b3 13... Kf7 $10) ({10:+0.38} 8. dxe5 8... Qxd1
9. Nxd1 Bxf3 10. gxf3 fxe5 11. f4 exf4 12. Bxf4 O-O-O 13. e5 Ne7 14. Re1 $14)
8... cxd5 9. exd5 ({9:-0.06} 9. exd5 9... Bb4 10. Ne4 Ne7 11. c3 Bd6 12. c4 O-O
13. Be3 $10) ({9:+0.15} 9. Nxd5 9... Ne7 10. c4 c6 11. Nc3 Qxd1 12. Rxd1 Be6
13. b3 13... Kf7 $10) 9... Bb4 10. h3 ({9:-0.14} 10. h3 10... Bh5 11. Ne4 Ne7
12. c3 Bd6 13. Ng3 Bxf3 14. Qxf3 14... O-O $10) ({9:+0.12} 10. Ne4 10... Bxf3
11. Qxf3 Qxd5 12. Qg4 Qd7 13. Nxf6+ Nxf6 14. Qxb4 O-O-O 15. Be3 $10) 10... Bxf3
11. Qxf3 Ne7 12. d6 ({9:-0.40} 12. d6 12... cxd6 13. Qxb7 Bxc3 14. bxc3 O-O 15.
Be3 Qe8 16. Rad1 16... Nf5 $15) ({9:-0.13} 12. Rd1 12... Bxc3 13. Qxc3 Qd6 14.
Qc4 Rd8 15. Qg4 O-O 16. Bh6 16... Ng6 $10) 12... cxd6 13. Nd5 ({10:-0.68} 13.
Nd5 13... Bc5 14. Rd1 Nxd5 15. Qxd5 Qd7 16. c3 Qf5 17. Rd2 Rb8 18. c4 $15) ({
10:-0.20} 13. Qxb7 13... Bxc3 14. bxc3 Qc8 15. Rb1 Qxb7 16. Rxb7 Kf7 17. Rd1
Ke6 18. Be3 18... Rab8 $10) 13... Bc5 14. Nxe7 ({8:-1.11} 14. Nxe7 14... Qxe7
15. Be3 Rc8 16. Bxc5 Rxc5 17. Qh5+ Qf7 18. Qf5 O-O 19. Rfd1 $17) ({8:-0.79} 14.
Rd1 14... Nxd5 15. Qxd5 Qd7 16. c3 Qf5 17. Rd2 Rb8 18. c4 $17) 14... Qxe7 15.
Qb3 Qf7 16. Rd1 Qxb3 17. axb3 Kd7 18. Rd5 Ke6 19. c4 b5 20. Ra2 Bd4 21. Be3
Bxe3 22. fxe3 Rhc8 23. Ra1 bxc4 24. bxc4 Rxc4 25. Rad1 Rc6 26. R1d2 h5 27. e4
Rd8 28. Kf2 f5 29. exf5+ Kxf5 30. Kf3 h4 31. g3 hxg3 32. Kxg3 Ke4 33. b4 Rb6
34. Ra5 Rxb4 35. Rxa6 d5 36. Ra3 d4 37. Re2+ Kf5 38. Rf3+ Ke6 39. Rf4 Rb3+ 40.
Kg2 d3 41. Ree4 d2 42. Rf1 d1=Q 43. Rxd1 Rxd1 44. h4 Rd2+ 45. Kf1 Rb1+ 46. Re1
Rxe1+ 47. Kxe1 Rh2 48. h5 e4 49. h6 gxh6 50. Kf1 e3 51. Ke1 e2 52. Kd2 Ke5 53.
Ke1 Kf4 54. Kd2 Kf3 55. Ke1 h5 56. Kd2 h4 57. Ke1 Rh1+ 58. Kd2 e1=Q+ 59. Kd3
Qb4 60. Kc2 Rh2+ 61. Kd3 Rd2# 0-1

[Event "ICS rated bullet match"]
[Site "207.99.5.190"]
[Date "1999.03.08"]
[Round "?"]
[White "JSBach"]
[Black "Hossa"]
[Result "0-1"]
[WhiteElo "2178"]
[BlackElo "2367"]
[PlyCount "78"]

1. d4 Nf6 2. Bf4 d5 3. Nf3 e6 4. Nbd2 Bd6 5. Bg5 O-O 6. e4 dxe4 7. Nxe4 Bb4+ 8.
c3 Be7 9. Bd3 Nxe4 10. Bxe7 Qxe7 11. Bxe4 Nd7 12. O-O Nf6 13. Bd3 Bd7 14. Qb3
Rab8 15. Rad1 Qe8 16. Qa3 Ba4 17. b3 Bc6 18. Nd2 Nd5 19. Rc1 Nf4 20. Bc4 b5 21.
d5 bxc4 22. dxc6 Qxc6 23. Nf3 Ne2+ 24. Kh1 Nxc1 25. Nd4 Qb6 26. Rxc1 c5 27. Ne2
cxb3 28. axb3 c4 29. bxc4 Qxf2 30. Qa2 Rfd8 31. Qc2 Rbc8 32. Qa2 a5 33. Rb1 a4
34. Ra1 Rc7 35. Rb1 Rcd7 36. Qxa4 Rd2 37. Qc6 Rd1+ 38. Rxd1 Rxd1+ 39. Ng1 39...
Qxg1# {JSBach checkmated} 0-1

[Event "ICS rated bullet match"]
[Site "207.99.5.190"]
[Date "1999.03.08"]
[Round "?"]
[White "Hossa"]
[Black "JSBach"]
[Result "1-0"]
[WhiteElo "2375"]
[BlackElo "2170"]
[PlyCount "111"]

1. e4 e5 2. Nf3 Nf6 3. Nc3 Bd6 4. Bb5 a6 5. Bc4 b5 6. Bb3 Bb7 7. d3 b4 8. Ne2
Nc6 9. O-O Be7 10. Ba4 d6 11. Bd2 a5 12. a3 bxa3 13. Rxa3 O-O 14. Bxc6 Bxc6 15.
Bxa5 d5 16. Ra1 dxe4 17. Nxe5 Bb5 18. Nc3 Ba6 19. Nc6 Qd7 20. Nxe7+ Qxe7 21.
Re1 Bb7 22. Qd2 Qe5 23. d4 Qe7 24. Qg5 Rfd8 25. Qb5 Bd5 26. Ra4 Rab8 27. Bb4
Qe6 28. Qc5 Bc6 29. Ra7 Rd7 30. b3 Rbd8 31. Ba5 Rxd4 32. Bxc7 R8d7 33. Ra6 R7d6
34. Bxd6 Rxd6 35. f3 Nd7 36. Qf2 f5 37. fxe4 Qe5 38. Qe3 Re6 39. Ra3 Nf6 40.
Ra7 Ng4 41. Qb6 Qxc3 42. Re2 fxe4 43. h3 Ne5 44. Qe3 Qb4 45. c4 Nd3 46. Qd4 Rf6
47. Qd8+ Rf8 48. Qc7 Qc3 49. Rea2 Nb4 50. R2a5 e3 51. Rg5 Rf1+ 52. Kh2 g6 53.
Qxh7+ Kf8 54. Qe7+ Kg8 55. Rxg6+ Kh8 56. Qh7# {JSBach checkmated} 1-0

[Event "ICS Rated blitz match"]
[Site "207.99.5.190"]
[Date "1999.03.09"]
[Round "?"]
[White "Hossa"]
[Black "blunite"]
[Result "0-1"]
[WhiteElo "2503"]
[BlackElo "2220"]
[Annotator "Crafty v16.5"]
[PlyCount "54"]

{annotating for player Hossa using a scoring margin of +0.10 pawns. search
time limit is 20.00} 1. e4 1... e5 2. Nf3 Nc6 3. Bc4 Bc5 4. c3 ({9:-0.33} 4. c3
4... Nf6 5. d3 O-O 6. O-O d5 7. exd5 Nxd5 8. Bg5 8... Qd6 $15) ({9:-0.16} 4.
O-O 4... Nf6 5. d3 O-O 6. Nc3 d6 7. Bg5 Bg4 8. Qe2 $10) 4... Qe7 5. O-O Bb6 6.
b4 a6 7. Qa4 Rb8 8. d3 ({9:+0.00} 8. d3 8... Nf6 9. Ba3 Bxf2+ 10. Rxf2 b5 11.
Bxf7+ Qxf7 12. Qc2 O-O 13. Nbd2 $10) ({9:+0.28} 8. b5 8... axb5 9. Bxb5 Qe6 10.
Bxc6 dxc6 11. Na3 Bd7 12. Nc4 c5 13. Qb3 $10) 8... Nf6 9. Ba3 ({9:-0.30} 9. Ba3
9... d6 10. b5 axb5 11. Bxb5 Bd7 12. Nbd2 O-O 13. Qc4 13... Be6 $10) ({9:-0.06
} 9. b5 9... axb5 10. Bxb5 O-O 11. Nbd2 Na5 12. Ba3 d6 13. Nc4 Nxc4 14. Qxc4
$10) 9... d6 10. b5 axb5 11. Bxb5 Bd7 12. Nbd2 O-O 13. Nc4 Ra8 14. Qc2 ({
8:-0.24} 14. Qc2 14... Na7 15. Bxd7 Nxd7 16. Rab1 Nc8 17. d4 c5 18. dxc5 18...
dxc5 $10) ({8:-0.08} 14. Qd1 14... Be6 15. Bxd6 Bxf2+ 16. Rxf2 cxd6 17. Nb6
Rad8 18. Bxc6 18... bxc6 $10) 14... Bg4 15. Bxc6 Bxf3 16. Bxb7 Rxa3 17. Nxa3
Bg4 18. Nc4 Ba7 19. Na5 Bb6 20. Nc6 Qd7 21. d4 Re8 22. Rae1 Nh5 23. a4 Nf4 24.
a5 Bf3 25. dxe5 Qg4 26. Ne7+ Rxe7 27. axb6 Qxg2# 0-1

[Event "ICS rated bullet match"]
[Site "207.99.5.190"]
[Date "1999.03.09"]
[Round "?"]
[White "Hossa"]
[Black "JSBach"]
[Result "1-0"]
[WhiteElo "2331"]
[BlackElo "2175"]
[PlyCount "127"]

1. e4 e5 2. Nf3 Nc6 3. Bb5 Qf6 4. O-O Bc5 5. d3 Nd4 6. Nxd4 Bxd4 7. c3 a6 8.
cxd4 axb5 9. Qc2 Qd6 10. Na3 c6 11. dxe5 Qxe5 12. Bd2 d5 13. exd5 Qxd5 14.
Rfe1+ Be6 15. Bc3 Qg5 16. Re5 Qf4 17. Nxb5 cxb5 18. Rxe6+ fxe6 19. Bxg7 h6 20.
Bxh8 Qd6 21. Qb3 Qd7 22. Re1 Kf7 23. Be5 Rd8 24. d4 Qd5 25. Qxd5 Rxd5 26. Re4
Ke7 27. Rg4 Kf8 28. Rg6 Kf7 29. Rg7+ Kf8 30. Rxb7 Ne7 31. Bf6 Nf5 32. b3 Kg8
33. h3 Kf8 34. g4 Nd6 35. Be7+ Kg8 36. Bxd6 Rxd6 37. Rxb5 Rxd4 38. Rb7 e5 39.
Kg2 Rd5 40. a4 Rd2 41. Rb6 Kh7 42. a5 e4 43. a6 e3 44. Re6 exf2 45. a7 Ra2 46.
Re7+ Kg6 47. Rc7 Kg5 48. Rb7 Kf6 49. b4 Kg5 50. b5 f1=Q+ 51. Kxf1 Ra1+ 52. Kg2
Ra2+ 53. Kf3 Ra3+ 54. Ke4 Ra4+ 55. Ke5 Ra5 56. Kd6 h5 57. gxh5 Kxh5 58. Kc5 Kg6
59. Rb6+ Kf7 60. Ra6 Rxb5+ 61. Kxb5 Ke8 62. a8=Q+ Ke7 63. Qb7+ Kd8 64. Ra8# {
JSBach checkmated} 1-0

[Event "ICS rated blitz match"]
[Site "207.99.5.190"]
[Date "1999.03.09"]
[Round "?"]
[White "JSBach"]
[Black "Hossa"]
[Result "0-1"]
[WhiteElo "2023"]
[BlackElo "2476"]
[PlyCount "166"]

1. e4 e5 2. Nf3 Nc6 3. Nc3 Bb4 4. Nd5 Ba5 5. Bc4 Nf6 6. Qe2 d6 7. O-O O-O 8. a4
Bg4 9. c3 Nxd5 10. exd5 Nb8 11. Qe4 f5 12. Qe3 Bb6 13. Qg5 Bxf3 14. Qxd8 Rxd8
15. gxf3 a5 16. Rb1 Nd7 17. Re1 Nc5 18. b3 Kh8 19. d3 f4 20. Rb2 Rg8 21. Rbe2
Nd7 22. Bd2 Bc5 23. Bb5 Nb6 24. b4 axb4 25. cxb4 Bd4 26. Re4 Rgf8 27. Rc1 Nxd5
28. a5 Rf5 29. Bc4 Nf6 30. Ree1 Rg5+ 31. Kf1 Rh5 32. Kg2 Bxf2 33. Re2 Bd4 34.
Kh1 d5 35. Bb3 c6 36. Rce1 Rh3 37. Kg2 Rh4 38. Kh1 Nh5 39. Kg2 Rd8 40. Kf1 Nf6
41. Rg2 e4 42. dxe4 dxe4 43. Bd1 e3 44. Bb3 exd2 45. Rxd2 Bb6 46. Rxd8+ Bxd8
47. Kg2 g6 48. Be6 Be7 49. Rb1 Rh5 50. Bc4 Nd5 51. Bxd5 Rxd5 52. a6 Rg5+ 53.
Kf1 bxa6 54. Rc1 Bxb4 55. Rxc6 Ra5 56. Rc8+ Kg7 57. Rc7+ Kh6 58. h3 Ra2 59. Rf7
Bd6 60. Rb7 Bc5 61. Ke1 Rf2 62. h4 Rxf3 63. Rc7 Bb4+ 64. Ke2 Rh3 65. Rc4 f3+
66. Ke3 Be7 67. Rf4 Bxh4 68. Rxf3 Rxf3+ 69. Kxf3 Kh5 70. Ke4 g5 71. Kf5 g4 72.
Ke4 a5 73. Kd4 g3 74. Kc4 g2 75. Kc5 g1=Q+ 76. Kc4 Qd1 77. Kc3 Bf6+ 78. Kc4
Qd4+ 79. Kb5 Qd5+ 80. Ka6 Qc6+ 81. Ka7 Bd4+ 82. Kb8 Qd7 83. Ka8 83... Qc8# {
JSBach checkmated} 0-1